000 00450nam a2200169 4500
003 DO-SdBNP
005 20180315114930.0
008 161121b2004 xxu||||| |||| 00| 0 spa d
020 _a9972625818
040 _aBPMSU
_bspa
_cBPMSU
245 _aAprendiendo las letras
260 _a[s. l] :
_bLexus,
_c2004
300 _a20 p. :
_bil. :
_c16 cm
942 _2ddc
_cBK
945 _ainventariado infantil extranjero / 2018 VM
956 _adgarcia
999 _c12014
_d12014